000 00963nam a2200301 a 4500
001 000004231
005 20200929151420.0
008 790207s1968 sp a 001 0 spa
040 _aDO-SdBNP
_bspa
_cBNPHU
041 1 7 _aspa
_heng
_2Código de idioma MARC
082 _a799.12
_bH842t, 1968
100 1 _aHousby, Trevor Raymond Laurence
_912501
240 1 4 _aThe art of angling.
_lEspañol
245 1 4 _aTécnicas de pesca en aguas dulce y salada /
_cTrevor R. Housby; traducción, Antonio Ribera.
250 _a2a ed.
260 _aBarcelona :
_bHispano Europea,
_c1968.
300 _a216 p. :
_bil. ;
_c22 cm.
490 1 _aHerakles
490 1 _aPesca
500 _aIncluye índice.
534 _aTítulo original :
_tThe art of angling
650 4 _aPesca
_912497
650 4 _aPesca
_zGran Bretaña
_912502
700 1 _aRibera, Antonio
_etr.
_912503
830 0 _aHerakles
_912504
830 0 _aPesca
_912500
910 _aCatalogación original noche
999 _c4045
_d4045